000 00245nam a2200109Ia 4500
008 230320s9999||||xx |||||||||||||| ||spa||
082 _a891.42/G73C
100 _aGorki, Maximo
245 0 _aCain Y Artemio
260 _bNACIONAL
942 _80
_cLIB
999 _c30648
_d30648